Testimonio del testamento otorgado por el señor general Don Antonio López de Santa Anna 1874/ (Record no. 107422)

MARC details
000 -LEADER
campo de control de longitud fija 01947ntc a2200433 i 4500
001 - NÚMERO DE CONTROL
campo de control MOR01000107749
003 - IDENTIFICADOR DE NÚMERO DE CONTROL
campo de control $$amxdfmo
005 - FECHA Y HORA DE LA ÚLTIMA TRANSACCIÓN
campo de control 20260331231016.0
008 - DATOS DE LONGITUD FIJA--INFORMACIÓN GENERAL
campo de control de longitud fija 181115s1874 mx r 000 0 spa d
035 ## - NÚMERO DE CONTROL DEL SISTEMA
Número de control de sistema 190638
040 ## - FUENTE DE CATALOGACIÓN
Centro catalogador/agencia de origen mxcmmo
Lengua de catalogación spa
Normas de descripción rda
Centro/agencia transcriptor mxmmo
041 0# - CÓDIGO DE IDIOMA
Código de lengua del texto/banda sonora o título independiente spa
090 ## - LOCALMENTE ASIGNADO TIPO-LC NÚMERO DE CLASIFICACIÓN (OCLC); NÚMERO DE CLASIFICACIÓN LOCAL (RLIN)
Número de clasificación (OCLC) (R) ; Numero de clasificación, CALL (RLIN) (NR) CARR/3/59
100 1# - ENTRADA PRINCIPAL--NOMBRE DE PERSONA
Nombre de persona López de Santa Anna, Antonio
Títulos y otros términos asociados al nombre pres. de México
Fechas asociadas al nombre 1794-1876
9 (RLIN) 421,
Término indicativo de función/relación autor
245 10 - MENCIÓN DEL TÍTULO
Título Testimonio del testamento otorgado por el señor general Don Antonio López de Santa Anna 1874/
Mención de responsabilidad, etc. Antonio López de Santa Anna
264 #1 - PRODUCCIÓN, PUBLICACIÓN, DISTRIBUCIÓN, FABRICACIÓN Y COPYRIGHT
Producción, publicación, distribución, fabricación y copyright México,
Fecha de producción, publicación, distribución, fabricación o copyright 1874
300 ## - DESCRIPCIÓN FÍSICA
Extensión 8 fojas con texto en anverso y reverso
336 ## - TIPO DE CONTENIDO
Término de tipo de contenido texto
Código de tipo de contenido txt
Fuente rdacontent
337 ## - TIPO DE MEDIO
Nombre/término del tipo de medio sin medio
Código del tipo de medio n
Fuente rdamedia
338 ## - TIPO DE SOPORTE
Nombre/término del tipo de soporte volumen
Código del tipo de soporte nc
Fuente rdacarrier
340 ## - MEDIO FÍSICO
Técnica en que se registra la información Original, escrito a tinta sepia
490 0# - MENCIÓN DE SERIE
Mención de serie Colección Alberto María Carreño. Expediente 3
Designación de volumen o secuencia 59
500 ## - NOTA GENERAL
Nota general Buen estado, escrito en español
500 ## - NOTA GENERAL
Nota general Disponible en BIBLIOTECA DIGITAL
500 ## - NOTA GENERAL
Nota general Fecha del documento: 1874
500 ## - NOTA GENERAL
Nota general Nombres que aparecen en el documento: Anna Inés García--María Guadalupe--Francisco de Paula Castro--Manuel del Carmen--Carlos Manllard--Dolores Tosta--José Ignacio Esteva--Mr Warrall--Pedro Balleslado Fortero--Paula Santa Anna--Merced Santa Anna--Petra Santa Anna--José Beltrán--José Arrillaga--Leonido Vadillo--Manuel María Escobar--Mariano González Romaña.
500 ## - NOTA GENERAL
Nota general Tipo de documento: Manuscrito
650 #7 - PUNTO DE ACCESO ADICIONAL DE MATERIA--TÉRMINO DE MATERIA
Término de materia o nombre geográfico como elemento de entrada Testamentos
Subdivisión geográfica Mexico
Subdivisión general Fuentes
9 (RLIN) 128802
700 1# - ENTRADA AGREGADA--NOMBRE PERSONAL
Nombre de persona Santa Anna, Merced
9 (RLIN) 192893
700 1# - ENTRADA AGREGADA--NOMBRE PERSONAL
Nombre de persona Santa Anna, Paula
9 (RLIN) 192894
856 ## - LOCALIZACIÓN Y ACCESO ELECTRÓNICOS
Identificador Uniforme de Recurso <a href="https://mora.koha.es/odigital/compressed_Exp3Doc59_000156342.pdf">https://mora.koha.es/odigital/compressed_Exp3Doc59_000156342.pdf</a>
Nota pública Acceso PDF
900 ## - ELEMENTOS DE DATOS A LOCAL, LDA (RLIN)
Nombre de persona CATY
Numeración Verónica Silva
Títulos y otros términos asociados al nombre 20190327
Lenguaje de la obra MOR01
-- 1103
900 ## - ELEMENTOS DE DATOS A LOCAL, LDA (RLIN)
Nombre de persona MARC21
Numeración 40
Títulos y otros términos asociados al nombre 20190409
Lenguaje de la obra MOR01
-- 1509
900 ## - ELEMENTOS DE DATOS A LOCAL, LDA (RLIN)
Nombre de persona VOBO
Numeración 40
Títulos y otros términos asociados al nombre 20190517
Lenguaje de la obra MOR01
-- 1320
900 ## - ELEMENTOS DE DATOS A LOCAL, LDA (RLIN)
Nombre de persona VOBO
Numeración 40
Títulos y otros términos asociados al nombre 20191202
Lenguaje de la obra MOR01
-- 1239
900 ## - ELEMENTOS DE DATOS A LOCAL, LDA (RLIN)
Nombre de persona VOBO
Numeración 40
Títulos y otros términos asociados al nombre 20230905
Lenguaje de la obra MOR01
-- 1400
904 ## - ELEMENTOS DE DATOS D LOCAL, LDD (RLIN)
a UPDATE
942 ## - ELEMENTOS DE ENTRADA SECUNDARIOS (KOHA)
Código de la institución [OBSOLETO] BK
901 ## - ELEMENTOS DE DATOS A LOCAL LDA (RLIN)
a batch batch
Holdings
Estatus retirado Estado de pérdida Fuente del sistema de clasificación o colocación Estado de daño No para préstamo Colección Biblioteca de origen Biblioteca actual Fecha de adquisición Total de préstamos Signatura topográfica completa Código de barras Visto por última vez Precio de reemplazo Tipo de ítem Koha Nota pública
    Otra/Esquema de Clasificación Genérico     Archivo Alberto María Carreño Biblioteca Digital Biblioteca Digital 20/02/2025   CDIG D03104 20/02/2025 20/02/2025 Digitalizado BIBLIOTECA DIGITAL